Молодежь XXI века: образование, наука, инновации (Запись № 10244501)

Подробности
000 -МАРКЕР
контрольное поле 02256nam0a2200349 i 4500
001 - ИДЕНТИФИКАТОР ЗАПИСИ
контрольное поле RU\NLR\BIBL_A\010201168
005 - ИДЕНТИФИКАТОР ВЕРСИИ
контрольное поле 20260408113406.0
010 ## - МЕЖДУНАРОДНЫЙ СТАНДАРТНЫЙ НОМЕР КНИГИ (ISBN)
Номер (ISBN) 9785859219599
Тираж 100
021 ## - НОМЕР ГОСУДАРСТВЕННОЙ РЕГИСТРАЦИИ
Код страны Российская Федерация
Номер 2013-106481
Номер Листа государственной регистраци 7404
035 ## - ДРУГИЕ СИСТЕМНЫЕ НОМЕРА
Идентификатор записи (NILC)RuMoRGB-006721423
035 ## - ДРУГИЕ СИСТЕМНЫЕ НОМЕРА
Идентификатор записи (NLR Aleph) 010201168
100 ## - ДАННЫЕ ОБЩЕЙ ОБРАБОТКИ
Данные общей обработки 20140306d2012 km y0rusy50 ca
101 0# - ЯЗЫК РЕСУРСА
Язык текста, звукозаписи и т.д. русский
-- английский
-- французский
102 ## - СТРАНА ПУБЛИКАЦИИ ИЛИ ПРОИЗВОДСТВА
Страна публикации Российская Федерация
105 ## - ПОЛЕ КОДИРОВАННЫХ ДАННЫХ: ТЕКСТОВЫЕ МАТЕРИАЛЫ, МОНОГРАФИЧЕСКИЕ
Кодированные данные о монографическом текстовом документе y z 100yy
200 1# - ЗАГЛАВИЕ И СВЕДЕНИЯ ОБ ОТВЕТСТВЕННОСТИ
Основное заглавие Молодежь XXI века: образование, наука, инновации
Сведения, относящиеся к заглавию материалы I научно-практической конференции студентов факультета иностранных языков (Новосибирск, 20-21 ноября 2012 г.)
Первые сведения об ответственности ФГБОУ ВПО "Новосибирский гос. пед. ун-т", Пед. ун-т, Фак. иностранных яз. ФГБОУ ВПО "НГПУ"
Последующие сведения об ответственности [редкол.: Л. П. Полянская, к.филол.н. (гл. ред.) и др.]
210 ## - ПУБЛИКАЦИЯ, РАСПРОСТРАНЕНИЕ И ДР.
Место издания, распространения и т.д. Новосибирск
Имя издателя, распространителя и т. д. Гаудеамус
Дата издания, распространения и т.д. 2012
215 ## - ФИЗИЧЕСКАЯ ХАРАКТЕРИСТИКА
Специфическое обозначение материала и объем 246, [1] с.
Размеры 20
300 ## - ОБЩИЕ ПРИМЕЧАНИЯ
Текст примечания Текст рус., англ., фр. яз.
601 02 - НАИМЕНОВАНИЕ ОРГАНИЗАЦИИ КАК ПРЕДМЕТ
Начальный элемент ввода Новосибирский государственный педагогический университет
Структурное подразделение организации Факультет иностранных языков
Формальный подзаголовок Съезды, совещания и т.п
Тематический подзаголовок Научно-исследовательская работа студентов
Системный номер авторитетной/нормативной записи 2215009
Идентификатор авторитетной/нормативной записи RU\NLR\AUTH\6601563967
606 ## - НАИМЕНОВАНИЕ ТЕМЫ КАК ПРЕДМЕТ
Наименование темы Иностранные языки
Формальный подзаголовок Съезды, совещания и т.п
Тематический подзаголовок Преподавание
Системный номер авторитетной/нормативной записи 1409738
Идентификатор авторитетной/нормативной записи RU\NLR\AUTH\66282140
686 1# - ИНДЕКСЫ ДРУГИХ КЛАССИФИКАЦИЙ
Индекс Ч486.17(2Р)я431
686 1# - ИНДЕКСЫ ДРУГИХ КЛАССИФИКАЦИЙ
Индекс Ч489.612.68я431
702 #1 - ИМЯ ЛИЦА - ВТОРИЧНАЯ ОТВЕТСТВЕННОСТЬ
Начальный элемент ввода Полянская
Часть имени, кроме начального элемента ввода Л. П.
Расширение инициалов личного имени Людмила Павловна
Код отношения Редактор
711 02 - НАИМЕНОВАНИЕ ОРГАНИЗАЦИИ - АЛЬТЕРНАТИВНАЯ ОТВЕТСТВЕННОСТЬ
Начальный элемент ввода Новосибирский государственный педагогический университет
Структурное подразделение Факультет иностранных языков
-- Научно-практическая конференция студентов
Порядковый номер временной организации и / или порядковый номер ее части 1
Дата проведения временной организации 2012
Системный номер авторитетной/нормативной записи 394951
Идентификатор авторитетной/нормативной записи RU\NLR\AUTH\880363991
801 #0 - ИСТОЧНИК ЗАПИСИ
Страна Российская Федерация
Организация RuMoRKP
Дата составления 20131230
Правила каталогизации RCR
801 #2 - ИСТОЧНИК ЗАПИСИ
Страна Российская Федерация
Организация РГБ
Дата составления 20140124
Правила каталогизации rcr
942 ## - ДОПОЛНИТЕЛЬНЫЕ ЭЛЕМЕНТЫ ЗАПИСИ (АБИС)
Тип экземпляра АБИС Книга
980 ## - КОЛЛЕКЦИЯ
Название коллекции НБР

Нет доступных экземпляров.